|
|
|
|
| LEADER |
00000nab a2200000 ar4500 |
| 001 |
vtls010033390 |
| 003 |
SK-MaSNL |
| 005 |
20260318121716.0 |
| 008 |
091218c20091205xo ||||||o| 000 b|hun |
| 015 |
|
|
|a SNBRB2009/12
|2 snkbucl
|
| 038 |
|
|
|a SNKBUCL
|
| 040 |
|
|
|a DSZK
|b slo
|c DSZK
|e AACR2
|
| 041 |
0 |
|
|a hun
|
| 044 |
|
|
|a xo
|c SK
|
| 080 |
|
|
|a 78.071.1:782
|x (048)
|2 2001
|
| 080 |
|
|
|a 782
|x (048)
|2 2001
|
| 100 |
1 |
|
|a Csehy, Zoltán,
|d 1973-
|4 aut
|9 86541
|
| 245 |
1 |
0 |
|a A petefészekrák költészete
|c Csehy Zoltán
|
| 300 |
|
|
|b Fotogr.
|
| 500 |
|
|
|a Dirigent Oliver von Dohnányi, réžia Péter Telihay, v hlavnej úlohe Zuzana Dunajčanová
|
| 600 |
1 |
7 |
|a Tutino, Marco,
|d 1954-
|t Vita
|2 snkbucl
|9 1517241
|
| 650 |
0 |
7 |
|a opery
|2 SNKPH
|9 3214
|
| 650 |
0 |
7 |
|a nahrávky CD
|2 snkbucl
|9 19639
|
| 655 |
|
7 |
|a recenzie
|2 SNKPH
|9 21907
|
| 773 |
0 |
|
|t Új szó
|g Évf. 62, sz. 281 (5.12.2009), o. 16
|x 1335-7050
|
| 773 |
0 |
8 |
|i Mell.:
|t Szalon
|g Évf. 3, sz. 48 (2009)
|
| 852 |
|
|
|a SNK
|b KIS3GCP
|
| 852 |
|
|
|a DSZK
|b KIS3GCP
|
| 958 |
|
|
|a HU
|
| 958 |
|
|
|a IT
|
| 958 |
|
|
|a RC
|
| 999 |
|
|
|c 3239604
|d 3241534
|